|
|
|
|
| LEADER |
01018nam a2200253 a 4500 |
| 001 |
00025456 |
| 008 |
120627s2001 enka 000 0 eng |
| 020 |
|
|
|a 052100702x
|
| 020 |
|
|
|a 9780521007023
|
| 040 |
|
|
|a BD-DhAAL
|c BD-DhAAL
|
| 082 |
0 |
4 |
|a 428.6
|2 20
|
| 100 |
1 |
|
|a Ruttle, Kate
|
| 245 |
1 |
0 |
|a Incy wincy spider /
|c Kate Ruttle and Richard Brown ; illustrated by Martin Chatterton.
|
| 260 |
|
|
|a Cambridge :
|b Cambridge University Press,
|c c2001.
|
| 300 |
|
|
|a 8p. :
|b chiefly col. ill. ;
|c 17cm.
|
| 490 |
0 |
|
|a Cambridge storybooks
|
| 541 |
1 |
|
|e 00025456
|
| 650 |
|
0 |
|a Readers
|x Juvenile literature.
|
| 653 |
|
1 |
|a English language
|a Reading books
|
| 700 |
1 |
|
|a Brown, Richard,
|d 1950-
|
| 700 |
1 |
|
|a Chatterton, Martin
|
| 852 |
1 |
|
|a Ayesha Abed library
|c General Shelf
|
| 999 |
|
|
|c 12445
|d 12445
|
| 952 |
|
|
|0 0
|1 0
|2 ddc
|4 0
|6 428_600000000000000_RUT
|7 0
|9 20604
|a BRACUL
|b BRACUL
|c GEN
|d 2012-07-02
|e Karim International
|g 348.00
|l 1
|o 428.6 RUT
|p 3010025456
|r 2026-01-12
|s 2026-01-05
|t 1
|w 2012-07-02
|y BK
|x Transferred from BIL to BRACUL on 06/06/22
|